京大合格者数10人以上の高校(2024年) - Statistics

General Stats
  • This quiz has been taken 105 times
  • The average score is 39 of 69
Answer Stats
人数 所在地 学校名 % Correct
83 京都 洛南
97%
53 兵庫
97%
90 大阪 北野
93%
71 奈良 東大寺学園
92%
45 滋賀 膳所
88%
27 奈良 奈良
85%
25 兵庫 神戸
84%
17 東京 開成
82%
29 奈良 西大和学園
81%
48 京都 堀川
77%
37 大阪 大阪星光学院
77%
25 愛知 東海
77%
19 東京 西
77%
48 京都 洛星
76%
23 岐阜 岐阜
76%
51 大阪 天王寺
74%
19 埼玉 浦和
72%
41 愛知 旭丘
70%
28 愛知 岡崎
70%
17 静岡 静岡
70%
16 熊本 熊本
70%
14 三重 四日市
69%
47 兵庫 甲陽学院
68%
19 北海道 札幌南
66%
13 千葉 渋谷教育学園幕張
66%
15 京都 洛北
64%
14 北海道 札幌北
62%
16 香川 高松
61%
11 東京 日比谷
61%
22 福岡 修猷館
58%
15 石川 金沢泉丘
58%
11 大阪 四天王寺
58%
10 千葉 千葉
58%
25 京都 嵯峨野
57%
16 静岡 浜松北
57%
11 福岡 久留米大学附設
57%
10 広島 広島学院
57%
50 京都 西京
55%
26 兵庫 長田
55%
20 愛知 一宮
55%
35 大阪 清風南海
54%
23 大阪 茨木
53%
10 大阪 大手前
51%
27 大阪 高槻
50%
10 高知 土佐
50%
19 兵庫 姫路西
49%
18 広島 広島大学附属
46%
17 愛知 刈谷
45%
19 東京 麻布
43%
13 大阪 大阪教育大学附属天王寺
43%
11 兵庫 六甲学院
43%
18 兵庫 須磨学園
42%
16 大阪 三国丘
42%
30 大阪 大阪桐蔭
41%
10 大阪 大阪教育大学附属池田
41%
11 愛知
39%
14 兵庫 白陵
38%
14 福岡 筑紫丘
38%
12 神奈川 湘南
38%
17 愛知 明和
36%
10 大阪 高津
36%
13 奈良 帝塚山
34%
10 広島 広島大学附属福山
34%
10 奈良 奈良学園
30%
14 愛知 時習館
28%
11 兵庫 西宮市立西宮
26%
12 愛知 向陽
23%
18 大阪 開明
18%
11 東京 早稲田
8%
No matching quizzes found
Score Distribution
Percent of People with Each Score
Percentile by Number Answered
Your Score History
You have not taken this quiz